| 000 | 00494nam a2200169 a 4500 | ||
|---|---|---|---|
| 001 | 818 | ||
| 003 | CDMR | ||
| 005 | 20130927124906.0 | ||
| 008 | 130130s1976||||||||||||||||||||||||||||d | ||
| 040 |
_aCDMR _bcat _cCDMR |
||
| 100 | 1 |
_aBrunet Morales, José María _9645 |
|
| 245 | 1 | 4 | _aEl "grupo de periodistas demócratas", la Asociación de la Prensa y la lucha por la libertad de expresión |
| 260 |
_aBarcelona _c[1976] _b[s.e.] |
||
| 300 | _a176 p. | ||
| 500 | _aTreball de curs | ||
| 942 |
_cMON _2ddc |
||
| 999 |
_c818 _d818 |
||